Statistics for NFL Los Angeles Chargers 2022-2023 Active Roster

Click here to take the quiz!

General Stats

  • This quiz has been taken 237 times
    (203 since last reset)
  • The average score is 19 of 60

Answer Stats

HintAnswers% Correct
QBJustin Herbert
97%
WRKeenan Allen
93%
WRMike Williams
90%
RBAustin Ekeler
88%
LBJoey Bosa
80%
SSDerwin James Jr.
72%
WRJoshua Palmer
71%
LBKhalil Mack
70%
TEGerald Everett
65%
CBJ.C. Jackson
61%
RBJoshua Kelly
55%
TRashawn Slater
52%
GZion Johnson
50%
NTAustin Johnson
48%
QBChase Daniel
48%
CCorey Linsley
47%
QBEaston Stick
47%
WRDeAndre Carter
40%
CBAsante Samuel Jr.
38%
WRJalen Guyton
36%
CBMichael Davis
34%
DESebastian Joseph-Day
33%
LBKenneth Murray Jr.
32%
KDustin Hopkins
31%
RBIsaiah Spiller
31%
CBJa'Sir Taylor
30%
LBDrue Tranquill
29%
FBZander Horvath
29%
PJ.K. Scott
24%
GJamaree Salyer
21%
TJamaree Salyer
21%
DEMorgan Fox
21%
CWill Clapp
21%
RBSony Michel
20%
TETre' McKitty
20%
SSAlohi Gilman
19%
FSNasir Adderley
19%
TTrey Pipkins III
19%
GMatt Feiler
16%
TStorm Norton
16%
CBBryce Callahan
15%
LSJosh Harris
14%
LBKyle Van Noy
14%
FSJT Woods
10%
LBChris Rumph II
9%
DEJerry Tillery
8%
TEStone Smartt
8%
NTChristian Covington
7%
CBDeane Leonard
7%
WRJason Moore
7%
LBNick Niemann
7%
LBTroy Reeder
7%
TFoster Sarell
6%
DEOtito Ogbonnia
6%
LBAmen Ogbongbemiga
5%
CIsaac Weaver
2%
TERichard Rodgers
2%
LBDamon Loyd
0%
NTForrest Merrill
0%
WRMichael Brandy
0%

Score Distribution

Percentile by Number Answered

Percent of People with Each Score

Your Score History

You have not taken this quiz since the last reset